Score 0/22 Timer 15:00
0 Plays Today
% Correct
Serafina and the Black Cloak
79%
I Am Malala
75.3%
Harry Potter and the Sorcerer's Stone
72.8%
Gym Candy
65.4%
Legend
65.4%
The War That Saved My Life
60.5%
To Kill a Mockingbird
59.3%
Insignificant Events in the Life of a Cactus
59.3%
House Arrest
59.3%
Cracker! The Best Dog in Vietnam
56.8%
I'll Be There
55.6%
% Correct
A Night Divided
54.3%
Greenglass House
53.1%
Bomb
53.1%
Ghost Boys
51.9%
A Monster Calls
50.6%
Crow
50.6%
The Running Dream
49.4%
The Ruins of Gorlan
49.4%
The First Rule of Punk
43.2%
The Bitter Side of Sweet
39.5%
The Boys Who Challenged Hitler
35.8%
Remove Ads.
Support Sporcle.
Get the best of Sporcle when you Go Orange. This ad-free experience offers more features, more stats, and more fun while also helping to support Sporcle. Thank you for becoming a member.

You're not logged in!

Compare scores with friends on all Sporcle quizzes.
OR
Log In

Show Comments

Extras

Top Quizzes Today


Score Distribution

Your Account Isn't Verified!

In order to create a playlist on Sporcle, you need to verify the email address you used during registration. Go to your Sporcle Settings to finish the process.

Report this User

Report this user for behavior that violates our Community Guidelines.

Details: